[Event "Budapest SixDays 01 IM-A"]
[Site "Budapest"]
[Date "2024.01.31"]
[Round "7"]
[White "Balla, Tamas Kristof"]
[Black "Kuru, Atilla"]
[Result "1/2-1/2"]
[WhiteElo "2283"]
[BlackElo "2220"]
[PlyCount "208"]
[EventDate "2024.01.27"]
[EventType "tourn"]
[EventRounds "9"]
[EventCountry "HUN"]
[SourceTitle "CB06_2024"]
[SourceDate "2024.02.07"]
[SourceVersion "1"]
[SourceVersionDate "2024.02.07"]
[SourceQuality "1"]

1. Nf3 d5 2. b3 Bf5 3. Bb2 e6 4. g3 Nf6 5. Bg2 h6 6. 0-0 Nbd7 7. d3 Bd6 8. Nbd2 0-0 9. Re1 Bh7 10. e4 dxe4 11. dxe4 e5 12. Nc4 Qe7 13. Nxd6 cxd6 14. Nh4 Rad8 15. Nf5 Qe6 16. g4 Nc5 17. c4 h5 18. h3 hxg4 19. hxg4 g6 20. Nh6+ Kg7 21. Bc1 Ng8 22. Nxg8 Rxg8 23. Be3 Kh8 24. Qd5 Qxd5 25. exd5 Nd7 26. g5 Kg7 27. Bh3 b6 28. f4 Rge8 29. Bxd7 Rxd7 30. fxe5 dxe5 31. a4 f6 32. gxf6+ Kxf6 33. Rf1+ Kg7 34. Bg5 e4 35. Rae1 Bg8 36. Bf6+ Kf8 37. Kf2 Bxd5 38. cxd5 Rxd5 39. Re3 Kf7 40. Bc3 Rf5+ 41. Ke2 Rxf1 42. Kxf1 g5 43. Rg3 Kg6 44. Bd2 Re5 45. Ke2 Rd5 46. Rg4 Re5 47. Ke3 Kf5 48. Rg1 Rd5 49. Ke2 g4 50. Rf1+ Ke5 51. Bc3+ Kd6 52. Rf6+ Kc5 53. Be1 Rd3 54. b4+ Kd5 55. Rf7 a5 56. bxa5 bxa5 57. Rf5+ Kd4 58. Bxa5 Rb3 59. Be1 g3 60. Rg5 Re3+ 61. Kd1 Ra3 62. a5 Kd3 63. Bd2 g2 64. Rxg2 Ra1+ 65. Bc1 Rxa5 66. Rd2+ Kc4 67. Ke2 Ra1 68. Rc2+ Kd5 69. Ke3 Rb1 70. Rd2+ Ke6 71. Rc2 Kd5 72. Bd2 Rb3+ 73. Ke2 Rh3 74. Be3 Rh2+ 75. Bf2 Rh3 76. Rc5+ Ke6 77. Bd4 Kd6 78. Ra5 Kc6 79. Re5 Rh4 80. Ke3 Kd6 81. Rg5 Ke6 82. Be5 Rh1 83. Bg3 Kf6 84. Rb5 Rh3 85. Kf4 e3 86. Rb6+ Kf7 87. Rb3 e2 88. Re3 Rh6 89. Rxe2 Re6 90. Rd2 Rf6+ 91. Ke4 Ke6 92. Be5 Rg6 93. Rc2 Rg4+ 94. Bf4 Rg6 95. Rc7 Rf6 96. Be5 Rg6 97. Ra7 Rg4+ 98. Bf4 Rg6 99. Rb7 Rf6 100. Bg5 Rg6 101. Rb5 Kd7 102. Rb7+ Kc6 103. Kf5 Rxg5+ 104. Kxg5 Kxb7 1/2-1/2

[Event "Budapest SixDays 01 IM-A"]
[Site "Budapest"]
[Date "2024.01.29"]
[Round "4"]
[White "Kuru, Atilla"]
[Black "Lim, Zhuo Ren"]
[Result "1/2-1/2"]
[WhiteElo "2220"]
[BlackElo "2218"]
[PlyCount "113"]
[EventDate "2024.01.27"]
[EventType "tourn"]
[EventRounds "9"]
[EventCountry "HUN"]
[SourceTitle "CB06_2024"]
[SourceDate "2024.02.07"]
[SourceVersion "1"]
[SourceVersionDate "2024.02.07"]
[SourceQuality "1"]

1. e4 c5 2. Nf3 d6 3. d4 cxd4 4. Nxd4 Nf6 5. Nc3 a6 6. Bg5 Nbd7 7. f4 Qc7 8. Qe2 e6 9. 0-0-0 b5 10. g4 Bb7 11. Bg2 Qc4 12. Qxc4 bxc4 13. Bf3 Be7 14. Rhe1 h6 15. Bxf6 gxf6 16. Be2 Rc8 17. f5 e5 18. Nf3 Rg8 19. Nd2 Nb6 20. Nf1 h5 21. gxh5 Bf8 22. Bf3 Bh6+ 23. Kb1 Ke7 24. Ne3 Bf4 25. Ng4 Nd7 26. Ne3 Nb6 27. Ng4 Nd7 28. Re2 Rg5 29. Ne3 Nb6 30. a4 Rc5 31. Ka2 Rg8 32. Ka3 Bc6 33. Rg2 Rb8 34. Ned5+ Bxd5 35. Nxd5+ Nxd5 36. Rxd5 Rc7 37. c3 Rcb7 38. Rd1 Bh6 39. Ka2 Rb6 40. Rc2 Rc6 41. Kb1 Rc5 42. Rd5 Rc6 43. Rg2 Rcb6 44. Bd1 Bf4 45. h3 Bg5 46. a5 R6b7 47. Ba4 Rh8 48. Bd1 Rhb8 49. Ba4 Rh8 50. Rg1 Rhb8 51. b4 cxb3 52. Rgd1 Rd8 53. Kb2 Be3 54. R5d3 Bc5 55. Rg3 Rh8 56. Bc6 Rbb8 57. Bd5 1/2-1/2

[Event "Budapest SixDays 01 IM-A"]
[Site "Budapest"]
[Date "2024.01.29"]
[Round "5"]
[White "Orso, Miklos"]
[Black "Kuru, Atilla"]
[Result "0-1"]
[WhiteElo "2172"]
[BlackElo "2220"]
[PlyCount "76"]
[EventDate "2024.01.27"]
[EventType "tourn"]
[EventRounds "9"]
[EventCountry "HUN"]
[SourceTitle "CB06_2024"]
[SourceDate "2024.02.07"]
[SourceVersion "1"]
[SourceVersionDate "2024.02.07"]
[SourceQuality "1"]

1. d4 d5 2. c4 c6 3. Nf3 e6 4. cxd5 exd5 5. Nc3 Nf6 6. Bg5 Be7 7. e3 h6 8. Bxf6 Bxf6 9. b4 0-0 10. Bd3 Bg4 11. h3 Bxf3 12. Qxf3 Qd6 13. Rb1 Nd7 14. 0-0 a5 15. b5 a4 16. Rfc1 Rfc8 17. Qd1 a3 18. bxc6 bxc6 19. Bf5 Rcb8 20. Na4 Nf8 21. Qc2 Rb4 22. Nc5 Rc4 23. Qe2 Rxc1+ 24. Rxc1 Ne6 25. Bxe6 fxe6 26. f4 Rb8 27. Qd3 Kh8 28. Rc3 Qe7 29. Rxa3 e5 30. fxe5 Bxe5 31. Rb3 Rxb3 32. Nxb3 Bd6 33. Nd2 c5 34. dxc5 Bxc5 35. Nf1 Qd7 36. a4 d4 37. a5 dxe3 38. Qe2 Qd1 0-1

[Event "Ayvalik Mango"]
[Site "Ayvalik"]
[Date "2024.01.23"]
[Round "10.3"]
[White "Radusinovic, Lazar"]
[Black "Kuru, Atilla"]
[Result "1/2-1/2"]
[WhiteElo "2293"]
[BlackElo "2220"]
[PlyCount "62"]
[EventDate "2024.01.19"]
[EventType "schev"]
[EventRounds "10"]
[EventCountry "TUR"]
[SourceTitle "CB05_2024"]
[SourceDate "2024.01.31"]
[SourceVersion "1"]
[SourceVersionDate "2024.01.31"]
[SourceQuality "1"]
[WhiteTeam "Ustalar"]
[BlackTeam "Yildizlar"]
[WhiteTeamCountry "TUR"]
[BlackTeamCountry "TUR"]

1. Nf3 Nf6 2. g3 b5 3. Bg2 Bb7 4. 0-0 e6 5. d4 c5 6. a4 a6 7. b3 d5 8. axb5 axb5 9. Rxa8 Bxa8 10. c4 b4 11. cxd5 Bxd5 12. Bb2 Nbd7 13. Nbd2 cxd4 14. Nxd4 Bxg2 15. Kxg2 Bc5 16. N4f3 0-0 17. Nc4 Qa8 18. Qd3 Qe4 19. Rd1 Qxd3 20. Rxd3 Ra8 21. Nfe5 Nxe5 22. Bxe5 Be7 23. Nb6 Rd8 24. Rxd8+ Bxd8 25. Bxf6 Bxf6 26. Kf3 Bd4 27. Nc4 f5 28. e3 Bc3 29. Nd6 Kf8 30. Ke2 Ke7 31. Nc4 e5 1/2-1/2

[Event "Ayvalik Mango"]
[Site "Ayvalik"]
[Date "2024.01.19"]
[Round "1.3"]
[White "Kuru, Atilla"]
[Black "Guliev, Sarhan"]
[Result "1/2-1/2"]
[WhiteElo "2220"]
[BlackElo "2245"]
[PlyCount "76"]
[EventDate "2024.01.19"]
[EventType "schev"]
[EventRounds "10"]
[EventCountry "TUR"]
[SourceTitle "CB05_2024"]
[SourceDate "2024.01.31"]
[SourceVersion "1"]
[SourceVersionDate "2024.01.31"]
[SourceQuality "1"]
[WhiteTeam "Yildizlar"]
[BlackTeam "Ustalar"]
[WhiteTeamCountry "TUR"]
[BlackTeamCountry "TUR"]

1. Nf3 d5 2. c4 c6 3. d4 Nf6 4. Nc3 dxc4 5. a4 Bf5 6. Nh4 e6 7. Nxf5 exf5 8. e3 Bb4 9. Bxc4 a5 10. 0-0 0-0 11. Qc2 g6 12. b3 Nbd7 13. Bb2 Qe7 14. Rfd1 Nb6 15. d5 cxd5 16. Nxd5 Nfxd5 17. Bxd5 Rac8 18. Qd3 Nxd5 19. Qxd5 Bc3 20. Bxc3 Rxc3 21. Qxa5 Rxb3 22. Rac1 Qe4 23. Rd4 Qc2 24. Qe1 Qa2 25. Rcd1 Rb2 26. Ra1 Qb3 27. h4 h5 28. Qd1 Qxd1+ 29. Rdxd1 Rc8 30. Rdb1 Rcc2 31. Rxb2 Rxb2 32. a5 Kg7 33. g3 Kf6 34. Kg2 Ke5 35. a6 bxa6 36. Rxa6 Rc2 37. Kf3 Rb2 38. Ra7 Kf6 1/2-1/2

[Event "Ayvalik Mango"]
[Site "Ayvalik"]
[Date "2024.01.19"]
[Round "2.3"]
[White "Nadj Hedjesi, Balind"]
[Black "Kuru, Atilla"]
[Result "0-1"]
[WhiteElo "2238"]
[BlackElo "2220"]
[PlyCount "64"]
[EventDate "2024.01.19"]
[EventType "schev"]
[EventRounds "10"]
[EventCountry "TUR"]
[SourceTitle "CB05_2024"]
[SourceDate "2024.01.31"]
[SourceVersion "1"]
[SourceVersionDate "2024.01.31"]
[SourceQuality "1"]
[WhiteTeam "Ustalar"]
[BlackTeam "Yildizlar"]
[WhiteTeamCountry "TUR"]
[BlackTeamCountry "TUR"]

1. Nf3 Nf6 2. g3 b5 3. Bg2 Bb7 4. b3 e5 5. c4 Bc5 6. Bb2 bxc4 7. 0-0 e4 8. Ne5 cxb3 9. Qxb3 Bd5 10. Qc2 d6 11. Qa4+ c6 12. Nc4 Nbd7 13. Ne3 0-0 14. Nc3 Rb8 15. Qc2 Re8 16. h3 h5 17. Na4 Bxe3 18. fxe3 c5 19. Rf5 Bc6 20. Nc3 d5 21. Raf1 Qc7 22. Rg5 Qd6 23. Nd1 d4 24. Ba3 d3 25. exd3 exd3 26. Qc3 Bxg2 27. Kxg2 Ne5 28. Nf2 Qd5+ 29. e4 Nxe4 30. Nxe4 Qxe4+ 31. Kg1 g6 32. Bb2 Rxb2 0-1

[Event "Ayvalik Armut"]
[Site "Ayvalik"]
[Date "2023.11.20"]
[Round "9"]
[White "Guliev, Sarhan"]
[Black "Kuru, Atilla"]
[Result "1-0"]
[WhiteElo "2298"]
[BlackElo "2164"]
[PlyCount "53"]
[EventDate "2023.11.16"]
[EventType "schev"]
[EventRounds "10"]
[EventCountry "TUR"]
[SourceTitle "CB47_2023"]
[SourceDate "2023.11.22"]
[SourceVersion "1"]
[SourceVersionDate "2023.11.22"]
[SourceQuality "1"]
[WhiteTeam "Masters"]
[BlackTeam "Stars"]

1. d4 Nf6 2. c4 e6 3. Nf3 d5 4. g3 Bb4+ 5. Bd2 Be7 6. Bg2 0-0 7. 0-0 c6 8. Qc2 b6 9. Nc3 Bb7 10. e4 dxc4 11. e5 Nd5 12. Ne4 b5 13. Neg5 g6 14. h4 Na6 15. h5 Nac7 16. Ne4 Nb4 17. Bxb4 Bxb4 18. Nf6+ Kg7 19. Ng5 Qxd4 20. Nfxh7 Rfd8 21. Rad1 Qg4 22. h6+ Kxh6 23. Nxf7+ Kxh7 24. Nxd8 Bc8 25. Nxc6 Bc5 26. Qc3 Nd5 27. Qf3 1-0

[Event "Ayvalik Armut"]
[Site "Ayvalik"]
[Date "2023.11.16"]
[Round "1"]
[White "Milanovic, Slavisa"]
[Black "Kuru, Atilla"]
[Result "1/2-1/2"]
[WhiteElo "2326"]
[BlackElo "2164"]
[PlyCount "135"]
[EventDate "2023.11.16"]
[EventType "schev"]
[EventRounds "10"]
[EventCountry "TUR"]
[SourceTitle "CB47_2023"]
[SourceDate "2023.11.22"]
[SourceVersion "1"]
[SourceVersionDate "2023.11.22"]
[SourceQuality "1"]
[WhiteTeam "Masters"]
[BlackTeam "Stars"]

1. Nf3 Nf6 2. c4 c6 3. g3 d5 4. Bg2 g6 5. b3 Bg7 6. Bb2 0-0 7. d3 Re8 8. Nbd2 Bg4 9. Qc2 Nbd7 10. h3 Bxf3 11. Bxf3 a5 12. a3 e5 13. 0-0 Qb6 14. Rab1 Bf8 15. e3 d4 16. exd4 exd4 17. Bg2 Re2 18. Qd1 Re6 19. Nf3 c5 20. b4 axb4 21. axb4 Qxb4 22. Bxd4 Qa4 23. Bxf6 Nxf6 24. Rxb7 Qxd1 25. Rxd1 Rd8 26. Ng5 Re7 27. Rb6 Kg7 28. Rc6 Red7 29. Ne4 Nxe4 30. Bxe4 Bd6 31. Rb1 Rc7 32. Rxc7 Bxc7 33. Rb5 Bd6 34. Rb7 Be5 35. Bd5 Rf8 36. Kg2 Bd4 37. f4 h6 38. Kf3 Kf6 39. Rc7 g5 40. Rc6+ Kg7 41. f5 h5 42. h4 g4+ 43. Kf4 f6 44. Rc7+ Kh6 45. Re7 Bf2 46. Rd7 Bd4 47. Bf7 Be5+ 48. Ke4 Bxg3 49. Bxh5 Bxh4 50. Bg6 Rh8 51. Kf4 Bf2 52. Kxg4 Bd4 53. Kf4 Bg1 54. Rf7 Bd4 55. Re7 Bc3 56. Kg4 Bd4 57. Rd7 Bg1 58. Kf4 Bf2 59. Rd6 Rf8 60. Ke4 Kg5 61. Kd5 Rh8 62. Ke6 Rh4 63. Rd8 Bd4 64. Rg8 Rh3 65. Be8+ Kf4 66. Bd7 Rxd3 67. Kf7 Rh3 68. Ke6 1/2-1/2

[Event "Ayvalik Portakal"]
[Site "Ayvalik"]
[Date "2023.11.14"]
[Round "7"]
[White "Kuru, Atilla"]
[Black "Radlovacki, Jovan"]
[Result "1-0"]
[WhiteElo "2164"]
[BlackElo "2268"]
[PlyCount "191"]
[EventDate "2023.11.11"]
[EventType "schev"]
[EventRounds "10"]
[EventCountry "TUR"]
[SourceTitle "CB47_2023"]
[SourceDate "2023.11.22"]
[SourceVersion "1"]
[SourceVersionDate "2023.11.22"]
[SourceQuality "1"]
[WhiteTeam "Stars"]
[BlackTeam "Masters"]

1. e4 c6 2. d4 d5 3. exd5 cxd5 4. Bd3 Nc6 5. c3 Nf6 6. Bf4 Bg4 7. Qb3 Qd7 8. Nd2 e6 9. Ngf3 a6 10. 0-0 Bxf3 11. Nxf3 Be7 12. a4 0-0 13. Ne5 Qc8 14. h3 Bd6 15. Nxc6 Qxc6 16. Bxd6 Qxd6 17. a5 Qc7 18. Ra4 Ne8 19. Qa3 Nd6 20. Qc5 Qd7 21. Rfa1 Rac8 22. Qa3 Rc7 23. Rb4 g6 24. Qb3 Rd8 25. Qd1 Qe7 26. Qg4 Rdd7 27. h4 Ne8 28. Qf4 Ng7 29. Rb6 Nh5 30. Qe5 Ng7 31. g3 Rc8 32. Re1 Rcd8 33. f4 Rd6 34. Rxd6 Qxd6 35. Qxd6 Rxd6 36. Ra1 h5 37. Ra4 Ne8 38. Rb4 Rd7 39. Kf2 Kf8 40. b3 Nf6 41. Ke3 Rc7 42. c4 Ke7 43. c5 Nd7 44. Kd2 Nb8 45. Kc3 Nc6 46. Ra4 Kd7 47. b4 Na7 48. Ra1 Kc6 49. Be2 Nb5+ 50. Kd3 Re7 51. Bf3 Kc7 52. Re1 Re8 53. Bd1 Rg8 54. Bf3 Kc6 55. Rh1 Kd7 56. Bd1 Kc6 57. Ba4 Rh8 58. Ke3 Rd8 59. Kf3 Rh8 60. g4 hxg4+ 61. Kxg4 Rh5 62. Re1 Rh8 63. Re5 Rh7 64. Kg5 Rh5+ 65. Kg4 Rh8 66. h5 Kd7 67. hxg6 fxg6 68. Kg5 Rf8 69. Re1 Rf5+ 70. Kg4 Rh5 71. Bxb5+ axb5 72. Kg3 Rf5 73. Re5 Rf8 74. Rg5 Rg8 75. Kf3 Ke7 76. Rg1 Kf6 77. Rh1 Kg7 78. Kg4 Rf8 79. Rc1 Rc8 80. Kg5 Rc7 81. Ra1 Rf7 82. a6 bxa6 83. Rxa6 Rf5+ 84. Kg4 Kf6 85. Ra3 Rh5 86. Rh3 Rf5 87. Rh7 g5 88. Rh6+ Kg7 89. fxg5 Rf1 90. Rxe6 Rd1 91. Kf5 Rxd4 92. Re7+ Kf8 93. Rb7 Rxb4 94. c6 Rc4 95. c7 Ke8 96. g6 1-0

[Event "Ayvalik Portakal"]
[Site "Ayvalik"]
[Date "2023.11.13"]
[Round "6"]
[White "Radusinovic, Lazar"]
[Black "Kuru, Atilla"]
[Result "1/2-1/2"]
[WhiteElo "2304"]
[BlackElo "2164"]
[PlyCount "76"]
[EventDate "2023.11.11"]
[EventType "schev"]
[EventRounds "10"]
[EventCountry "TUR"]
[SourceTitle "CB47_2023"]
[SourceDate "2023.11.22"]
[SourceVersion "1"]
[SourceVersionDate "2023.11.22"]
[SourceQuality "1"]
[WhiteTeam "Masters"]
[BlackTeam "Stars"]

1. d4 Nf6 2. Nf3 d5 3. g3 c5 4. Bg2 cxd4 5. 0-0 h6 6. b3 e6 7. Bb2 Bc5 8. Bxd4 Bxd4 9. Qxd4 Nc6 10. Qb2 b5 11. c4 bxc4 12. bxc4 Rb8 13. Qa3 Qe7 14. cxd5 Nxd5 15. Qxe7+ Kxe7 16. Rc1 Bd7 17. e4 Ndb4 18. Bf1 Rhc8 19. Nbd2 Na5 20. Ne5 Be8 21. Rxc8 Rxc8 22. a3 Nbc6 23. Rc1 Rb8 24. Nef3 Nb3 25. Rc3 Nxd2 26. Nxd2 Bd7 27. Rb3 Rxb3 28. Nxb3 Kd6 29. f4 e5 30. Bc4 f5 31. exf5 Bxf5 32. Kf2 exf4 33. gxf4 Be6 34. Bxe6 Kxe6 35. Ke3 Kd5 36. Kd3 g5 37. fxg5 hxg5 38. Nd2 Ke5 1/2-1/2

[Event "Ayvalik Portakal"]
[Site "Ayvalik"]
[Date "2023.11.11"]
[Round "1"]
[White "Kuru, Atilla"]
[Black "Radusinovic, Lazar"]
[Result "1/2-1/2"]
[WhiteElo "2164"]
[BlackElo "2304"]
[PlyCount "75"]
[EventDate "2023.11.11"]
[EventType "schev"]
[EventRounds "10"]
[EventCountry "TUR"]
[SourceTitle "CB47_2023"]
[SourceDate "2023.11.22"]
[SourceVersion "1"]
[SourceVersionDate "2023.11.22"]
[SourceQuality "1"]
[WhiteTeam "Stars"]
[BlackTeam "Masters"]

1. d4 d5 2. c4 e6 3. Nc3 Nf6 4. Nf3 Be7 5. e3 0-0 6. Be2 Nbd7 7. b3 b6 8. Bb2 Bb7 9. 0-0 Re8 10. Rc1 Bf8 11. Qc2 a6 12. Bd3 dxc4 13. Bxc4 c5 14. Be2 b5 15. Rfd1 Qb6 16. a3 Rac8 17. dxc5 Nxc5 18. b4 Nce4 19. Bd3 e5 20. Bxe4 Nxe4 21. Qe2 Nxc3 22. Bxc3 f6 23. Qa2+ Qe6 24. Qxe6+ Rxe6 25. Bb2 Rec6 26. Rxc6 Rxc6 27. Kf1 Bc8 28. Rc1 Rxc1+ 29. Bxc1 Kf7 30. Ke2 Ke6 31. e4 Kd6 32. Kd3 Kc6 33. Nd2 Be6 34. Kc3 h5 35. Nb3 Be7 36. Be3 Bd8 37. Nd2 Be7 38. Nb3 1/2-1/2

[Event "Skalica op-A"]
[Site "Skalica"]
[Date "2023.08.27"]
[Round "9"]
[White "Dotzer, Lukas"]
[Black "Kuru, Atilla"]
[Result "1/2-1/2"]
[WhiteElo "2377"]
[BlackElo "2176"]
[PlyCount "51"]
[EventDate "2023.08.19"]
[EventType "swiss"]
[EventRounds "9"]
[EventCountry "SVK"]
[SourceTitle "CBM 215 Extra"]
[Source "ChessBase"]
[SourceDate "2023.09.30"]
[SourceVersion "1"]
[SourceVersionDate "2023.09.30"]
[SourceQuality "1"]

1. e4 c6 2. d4 d5 3. e5 Bf5 4. Nf3 e6 5. Be2 Ne7 6. a3 a5 7. 0-0 Nd7 8. Nbd2 h6 9. c4 Bh7 10. Ne1 dxc4 11. Nxc4 Nd5 12. Bd3 Bxd3 13. Nxd3 N7b6 14. Nd2 Ne7 15. Ne4 Nf5 16. Be3 Nd5 17. Qf3 Be7 18. g4 Nh4 19. Qg3 h5 20. h3 hxg4 21. hxg4 Nxe3 22. fxe3 Qd5 23. Nc3 Qc4 24. Rad1 Rh7 25. Ne4 Qd5 26. Nc3 1/2-1/2

[Event "Skalica op-A"]
[Site "Skalica"]
[Date "2023.08.21"]
[Round "3"]
[White "Manik, Mikulas"]
[Black "Kuru, Atilla"]
[Result "1/2-1/2"]
[WhiteElo "2319"]
[BlackElo "2176"]
[PlyCount "86"]
[EventDate "2023.08.19"]
[EventType "swiss"]
[EventRounds "9"]
[EventCountry "SVK"]
[SourceTitle "CBM 215 Extra"]
[Source "ChessBase"]
[SourceDate "2023.09.30"]
[SourceVersion "1"]
[SourceVersionDate "2023.09.30"]
[SourceQuality "1"]

1. e4 e6 2. d4 d5 3. Nc3 Bb4 4. e5 c5 5. a3 Bxc3+ 6. bxc3 Ne7 7. Qg4 0-0 8. Bd3 f5 9. exf6 Rxf6 10. Qh5 h6 11. Nf3 c4 12. Be2 Nbc6 13. 0-0 Bd7 14. Ne5 Be8 15. Qg4 Nf5 16. Nxc6 bxc6 17. Bf4 Qa5 18. Be5 Rf7 19. Qh3 Rb7 20. g4 Ne7 21. Bd6 Bg6 22. Qe3 Re8 23. Rab1 Qa6 24. Qd2 Nc8 25. Bc5 Nb6 26. Rb4 Na4 27. Bd6 Rd7 28. Be5 c5 29. dxc5 Nxc5 30. f3 Qxa3 31. Rfb1 Qa6 32. h4 Rde7 33. h5 Nd7 34. Bg3 Bh7 35. Rb7 Qa4 36. R1b4 Qxc2 37. Qxc2 Bxc2 38. Rxa7 Nf6 39. Rxe7 Rxe7 40. Rb8+ Kh7 41. Bd6 Ra7 42. Kf2 Rf7 43. Ke3 g6 1/2-1/2

[Event "Skalica op-A"]
[Site "Skalica"]
[Date "2023.08.19"]
[Round "1"]
[White "Babula, Matej"]
[Black "Kuru, Atilla"]
[Result "1/2-1/2"]
[WhiteElo "1893"]
[BlackElo "2176"]
[PlyCount "145"]
[EventDate "2023.08.19"]
[EventType "swiss"]
[EventRounds "9"]
[EventCountry "SVK"]
[SourceTitle "CBM 215 Extra"]
[Source "ChessBase"]
[SourceDate "2023.09.30"]
[SourceVersion "1"]
[SourceVersionDate "2023.09.30"]
[SourceQuality "1"]

1. e4 c5 2. Nf3 e6 3. d4 cxd4 4. Nxd4 Nc6 5. Nb5 d6 6. c4 Nf6 7. N1c3 a6 8. Na3 Be7 9. Be2 b6 10. 0-0 Bb7 11. Be3 0-0 12. Rc1 Ne5 13. Qd4 Ned7 14. Rfd1 Re8 15. h4 h5 16. Bg5 Qc7 17. Nc2 Rad8 18. Ne3 Ne5 19. Nf1 g6 20. Ne3 Nc6 21. Qd2 Ne5 22. Qd4 Ba8 23. f4 Neg4 24. Nxg4 Nxg4 25. Bxg4 hxg4 26. Bxe7 Qxe7 27. g3 e5 28. fxe5 Qxe5 29. Qxe5 Rxe5 30. Rd4 Kf8 31. Nd5 b5 32. cxb5 axb5 33. Kf2 Kg7 34. a3 Rh8 35. Rc7 Rhe8 36. Nc3 Bxe4 37. Nxe4 Rxe4 38. Rxe4 Rxe4 39. Rd7 Re6 40. Rb7 Rf6+ 41. Ke2 Rf5 42. Rb6 Rd5 43. Ke3 f5 44. b3 Kf6 45. a4 bxa4 46. bxa4 Ke6 47. Ra6 Ke5 48. Ra8 Rd4 49. Ra5+ d5 50. Ra8 Rb4 51. Re8+ Kd6 52. Rd8+ Kc6 53. Rc8+ Kd7 54. Rg8 Re4+ 55. Kd3 Rxa4 56. Rxg6 Ke7 57. Ke3 Re4+ 58. Kd3 Kf7 59. Rd6 Re1 60. Rxd5 Rd1+ 61. Kc4 Rc1+ 62. Kd4 Ke6 63. Re5+ Kf6 64. Re3 f4 65. Re4 Rd1+ 66. Kc3 Rf1 67. Kd3 Rf3+ 68. Ke2 Rxg3 69. Rxf4+ Ke5 70. Rf8 Rh3 71. Kf2 Ke4 72. Re8+ Kf4 73. Rf8+ 1/2-1/2

[Event "Belgrade Serbia op"]
[Site "Belgrade"]
[Date "2023.07.21"]
[Round "6"]
[White "Tadic, Stefan"]
[Black "Kuru, Atilla"]
[Result "1-0"]
[WhiteElo "2402"]
[BlackElo "2030"]
[PlyCount "65"]
[EventDate "2023.07.16"]
[EventType "swiss"]
[EventRounds "9"]
[EventCountry "SRB"]
[SourceTitle "CBM 215 Extra"]
[Source "ChessBase"]
[SourceDate "2023.09.30"]
[SourceVersion "1"]
[SourceVersionDate "2023.09.30"]
[SourceQuality "1"]

1. e4 e6 2. d4 d5 3. e5 c5 4. c3 Nc6 5. Nf3 Qb6 6. a3 Nh6 7. Bd3 cxd4 8. cxd4 Bd7 9. Bc2 Nf5 10. Bxf5 exf5 11. Nc3 Be6 12. 0-0 Be7 13. b4 h6 14. Qd3 a6 15. Rd1 0-0 16. Ne1 f6 17. Nf3 fxe5 18. dxe5 Rad8 19. Ne2 d4 20. Bb2 Bd5 21. Nf4 Qb5 22. Qxb5 axb5 23. Nxd4 Nxd4 24. Rxd4 Bf7 25. e6 Be8 26. Rxd8 Bxd8 27. Nd5 Bh4 28. e7 Rf7 29. Re1 Kh7 30. g3 Bg5 31. f4 Bf6 32. Bxf6 gxf6 33. Nc7 1-0

[Event "Ayvalik Begonvil"]
[Site "Ayvalik"]
[Date "2023.05.02"]
[Round "4.4"]
[White "Kuru, Atilla"]
[Black "Ozalp, Burak"]
[Result "1-0"]
[WhiteElo "2091"]
[BlackElo "2206"]
[PlyCount "89"]
[EventDate "2023.04.30"]
[EventType "schev"]
[EventRounds "9"]
[EventCountry "TUR"]
[SourceTitle "CBM 214 Extra"]
[Source "ChessBase"]
[SourceDate "2023.07.31"]
[SourceVersion "1"]
[SourceVersionDate "2023.07.31"]
[SourceQuality "1"]
[WhiteTeam "Team A"]
[BlackTeam "Team D"]
[WhiteTeamCountry "TUR"]
[BlackTeamCountry "TUR"]

1. e4 c5 2. Nf3 Nc6 3. d4 cxd4 4. Nxd4 g6 5. c4 Bg7 6. Be3 Nf6 7. Nc3 0-0 8. Be2 d6 9. 0-0 Bd7 10. f3 Nxd4 11. Bxd4 Bc6 12. Qd2 Nd7 13. Bxg7 Kxg7 14. Qd4+ Kg8 15. Rfe1 a5 16. b3 Nc5 17. Nd5 e5 18. Qd2 Bxd5 19. Qxd5 Qb6 20. Rad1 Nxe4+ 21. c5 Qxc5+ 22. Qxc5 Nxc5 23. Rxd6 Rfd8 24. Rxd8+ Rxd8 25. Bc4 Re8 26. Rd1 Kf8 27. Rd5 b6 28. a3 e4 29. Rd6 e3 30. Kf1 a4 31. bxa4 Ra8 32. Bb5 f5 33. Ke2 Nxa4 34. Kxe3 Nc3 35. a4 Nxa4 36. Rd7 Kg8 37. Bc4+ Kh8 38. Bd5 Re8+ 39. Kf4 Nc3 40. Bf7 Rb8 41. Kg5 Kg7 42. Be6+ Kf8 43. Rxh7 Rd8 44. Kf6 Nd5+ 45. Bxd5 1-0

[Event "Ayvalik Begonvil"]
[Site "Ayvalik"]
[Date "2023.05.01"]
[Round "2.4"]
[White "Kuru, Atilla"]
[Black "Agdelen, Huseyin Can"]
[Result "0-1"]
[WhiteElo "2091"]
[BlackElo "2413"]
[PlyCount "118"]
[EventDate "2023.04.30"]
[EventType "schev"]
[EventRounds "9"]
[EventCountry "TUR"]
[SourceTitle "CBM 214 Extra"]
[Source "ChessBase"]
[SourceDate "2023.07.31"]
[SourceVersion "1"]
[SourceVersionDate "2023.07.31"]
[SourceQuality "1"]
[WhiteTeam "Team A"]
[BlackTeam "Team C"]
[WhiteTeamCountry "TUR"]
[BlackTeamCountry "TUN"]

1. e4 e6 2. b3 d5 3. Bb2 Nc6 4. e5 d4 5. Nf3 a6 6. Bd3 Nb4 7. Qe2 c5 8. Be4 f5 9. exf6 Nxf6 10. a3 Nbd5 11. Bxd5 Qxd5 12. 0-0 Bd6 13. Re1 0-0 14. b4 b6 15. c4 Qf5 16. d3 e5 17. Nbd2 Bb7 18. bxc5 bxc5 19. Ne4 Nxe4 20. dxe4 Qf7 21. a4 Bc8 22. Nd2 Be6 23. f3 Be7 24. Ba3 Rfc8 25. Rec1 Rab8 26. Qd3 Bg5 27. Rc2 Qf4 28. Nf1 Qf8 29. Nd2 Be7 30. Rb1 Rxb1+ 31. Nxb1 Qe8 32. f4 exf4 33. Rb2 Qxa4 34. Nd2 Qd1+ 35. Qf1 Bg4 36. Nf3 Bxf3 37. gxf3 Qxf1+ 38. Kxf1 Rc6 39. Rb7 Kf7 40. Ke2 Ke6 41. Kd3 Bf6 42. h3 Be5 43. Kc2 Bc7 44. Ra7 Kd7 45. Ra8 Bb6 46. Rg8 Rg6 47. Bc1 Bc7 48. Ba3 Kc6 49. Re8 Rg2+ 50. Kd1 Ra2 51. Bc1 d3 52. e5 Ba5 53. Re6+ Kb7 54. Rd6 d2 55. e6 dxc1Q+ 56. Kxc1 Re2 57. Rd7+ Bc7 58. Rxg7 Rxe6 59. Rxh7 Re3 0-1

[Event "World School-ch U13"]
[Site "Rhodes"]
[Date "2023.04.20"]
[Round "7"]
[White "Kabinazar, Nurmukhammed"]
[Black "Kuru, Atilla"]
[Result "1-0"]
[WhiteElo "1793"]
[BlackElo "2091"]
[PlyCount "59"]
[EventDate "2023.04.14"]
[EventType "swiss"]
[EventRounds "9"]
[EventCountry "GRE"]
[SourceTitle "EXT 2024"]
[Source "ChessBase"]
[SourceDate "2023.10.10"]
[SourceVersion "1"]
[SourceVersionDate "2023.10.10"]
[SourceQuality "1"]

1. e4 e6 2. d4 d5 3. Nd2 c5 4. Ngf3 cxd4 5. Nxd4 Nc6 6. Bb5 Bd7 7. Nxc6 bxc6 8. Bd3 Bd6 9. Qe2 Qc7 10. Nf3 e5 11. exd5 Ne7 12. dxc6 Bxc6 13. 0-0 0-0 14. Ng5 h6 15. Ne4 f5 16. Bc4+ Bd5 17. Nxd6 Qxd6 18. Rd1 Rad8 19. Bd2 Bxc4 20. Qxc4+ Kh7 21. Qe2 Ng6 22. Ba5 Nf4 23. Qf3 Nh3+ 24. gxh3 Qg6+ 25. Kh1 Rc8 26. Bc3 e4 27. Qg2 Qf7 28. Rd6 Rfd8 29. Rg1 g5 30. Rxh6+ 1-0

[Event "World School-ch U13"]
[Site "Rhodes"]
[Date "2023.04.18"]
[Round "5"]
[White "Kuru, Atilla"]
[Black "Di Bartolomeo, Adrian Mikail"]
[Result "1-0"]
[WhiteElo "2091"]
[BlackElo "1809"]
[PlyCount "81"]
[EventDate "2023.04.14"]
[EventType "swiss"]
[EventRounds "9"]
[EventCountry "GRE"]
[SourceTitle "EXT 2024"]
[Source "ChessBase"]
[SourceDate "2023.10.10"]
[SourceVersion "1"]
[SourceVersionDate "2023.10.10"]
[SourceQuality "1"]

1. e4 e5 2. f4 Bc5 3. Nf3 d6 4. c3 Bg4 5. h3 Bxf3 6. Qxf3 Nd7 7. Bc4 Ne7 8. d3 c6 9. b4 Bb6 10. Be3 Bxe3 11. Qxe3 exf4 12. Qxf4 Ne5 13. 0-0 0-0 14. Bb3 Nxd3 15. Bxf7+ Kh8 16. Qe3 Qb6 17. Qxb6 axb6 18. Nd2 g6 19. Bb3 b5 20. g3 Ne5 21. Kg2 Kg7 22. Rxf8 Rxf8 23. c4 bxc4 24. Nxc4 Nxc4 25. Bxc4 d5 26. exd5 Nxd5 27. Bxd5 cxd5 28. Rd1 Rd8 29. Kf3 Kf6 30. Ke3 Ke5 31. a4 b6 32. Kd3 Ra8 33. Re1+ Kd6 34. Ra1 Ke5 35. Ra2 d4 36. a5 bxa5 37. Rxa5+ Rxa5 38. bxa5 Kd5 39. a6 Kc6 40. Kxd4 Kb6 41. Ke5 1-0